000 00884nam a2200253 a 4500
001 43153
003 BD-RjUL
005 20211209053644.0
008 160619s1975 ii ||||| |||| 00| 0 eng d
035 _a(BD-RjUL)43271
040 _aBD-RjUL
_beng
_cBD-RjUL
041 _aeng
082 _223
_a330.954
_bDAT
245 0 0 _aData base of Indian economy /
_cEdited by C. A. Rao, Vinayak Mahadev Dandekar, P. Venkataramaiah
260 _aCalcutta :
_bStatistical Pub. Society,
_c1972-1975
300 _aV. ;
_c25 cm.
505 0 _aVol. 1 Review and reappraisal / C. A. Rao -- v. 2 Role of sample surveys / V. M. Dandekar, P Venkataramaiah --
650 _aEconomic conditions
_zIndia
_9132525
650 _aStatistical service
_zIndia
_9174411
700 _aRao , C. A.
_9174416
700 _aDandekar, V. M.
_9174417
700 _aVenkataramaiah , P.
_9173518
942 _2ddc
_cBK
999 _c43153
_d43153